Daňové aspekty outsourcingu činností finančními institucemi
Integrácia v rámci outsourcingu. Rôzne dopady na daňové zaťaženie. Stanovenie prevodných cien. Právny rámec k stanoveniu prevodných cien a výslednej realizácii zisku. Náklady na prípravu a realizáciu projektu outsourcingu. Uplatnenie odlišných daňových pravidiel. Zamedzenie dvojitého zdanenia. Daň z...
Saved in:
| Main Author: | |
|---|---|
| Other Authors: | |
| Format: | Book Chapter |
| Language: | Czech |
| Subjects: | |
| Tags: |
No Tags, Be the first to tag this record!
|
MARC
| LEADER | 00000naa$a2200000$$$4500 | ||
|---|---|---|---|
| 001 | 0073397 | ||
| 005 | 20231010095047.8 | ||
| 041 | 0 | |a cze | |
| 044 | |a CZ | ||
| 245 | 1 | 0 | |a Daňové aspekty outsourcingu činností finančními institucemi |c Jana Šťovíčková, Martin Švalbach |
| 520 | |a Integrácia v rámci outsourcingu. Rôzne dopady na daňové zaťaženie. Stanovenie prevodných cien. Právny rámec k stanoveniu prevodných cien a výslednej realizácii zisku. Náklady na prípravu a realizáciu projektu outsourcingu. Uplatnenie odlišných daňových pravidiel. Zamedzenie dvojitého zdanenia. Daň z pridanej hodnoty. | ||
| 610 | 2 | 0 | |a outsourcing |
| 610 | 2 | 0 | |a dane |
| 610 | 2 | 0 | |a legislatíva |
| 610 | 2 | 0 | |a zdanenie dvojité |
| 610 | 2 | 0 | |a náklady |
| 100 | 1 | |a Šťovíčková, Jana | |
| 700 | 1 | |a Švalbach, Martin | |